<?xml version="1.0" encoding="UTF-8"?>
<record
    xmlns:xsi="http://www.w3.org/2001/XMLSchema-instance"
    xsi:schemaLocation="http://www.loc.gov/MARC21/slim http://www.loc.gov/standards/marcxml/schema/MARC21slim.xsd"
    xmlns="http://www.loc.gov/MARC21/slim">

  <leader>00290nam a2200121Ia 4500</leader>
  <controlfield tag="008">241028s9999    xx            000 0 und d</controlfield>
  <datafield tag="041" ind1=" " ind2=" ">
    <subfield code="a">eng</subfield>
  </datafield>
  <datafield tag="082" ind1=" " ind2=" ">
    <subfield code="a">591.5 CON</subfield>
  </datafield>
  <datafield tag="100" ind1=" " ind2=" ">
    <subfield code="a">O Connell</subfield>
  </datafield>
  <datafield tag="245" ind1=" " ind2=" ">
    <subfield code="a">Dont Feed The Ducks</subfield>
  </datafield>
  <datafield tag="260" ind1=" " ind2=" ">
    <subfield code="b">Liamoconnell</subfield>
    <subfield code="a">Europe</subfield>
    <subfield code="c">2007</subfield>
  </datafield>
  <datafield tag="300" ind1=" " ind2=" ">
    <subfield code="a">184;. P. 21 cm</subfield>
  </datafield>
  <datafield tag="999" ind1=" " ind2=" ">
    <subfield code="c">42919</subfield>
    <subfield code="d">42919</subfield>
  </datafield>
  <datafield tag="952" ind1=" " ind2=" ">
    <subfield code="0">0</subfield>
    <subfield code="1">0</subfield>
    <subfield code="4">0</subfield>
    <subfield code="7">0</subfield>
    <subfield code="a">IMTN</subfield>
    <subfield code="b">IMTN</subfield>
    <subfield code="c">Rack 19-A</subfield>
    <subfield code="d">2024-07-03</subfield>
    <subfield code="g">811.44</subfield>
    <subfield code="l">1</subfield>
    <subfield code="o">591.5 CON</subfield>
    <subfield code="p">33348</subfield>
    <subfield code="r">2025-10-16 00:00:00</subfield>
    <subfield code="s">2025-10-08</subfield>
    <subfield code="v">10.99</subfield>
    <subfield code="w">2024-10-28</subfield>
    <subfield code="y">BK</subfield>
  </datafield>
</record>
